Reyes y Presidentes de España - Estadísticas

Estadísticas generales
  • Esta prueba ha sido intentada 429 veces
  • La puntuación promedio es 43 de 73
Estadísticas de respuestas
Hint Respuesta % Correcto
(Casa de Borbón) (Imperio Español) (1700-1724) (1724-1746) Felipe V
97%
(1505-1506) Felipe I
96%
(2014- Felipe VI
95%
(1555-1598) Felipe II
94%
(1598-1621) Felipe III
94%
(Casa de Habsburgo) (Imperio Español) (1516-1555) Carlos I
93%
(1621-1665) Felipe IV
93%
(3º Restauración de la Casa de Borbón) (Reino de España) (1975-2014) Juan Carlos I
93%
(1665-1700) Carlos II
92%
(1474-1504) Isabel I
92%
(1759-1788) Carlos III
91%
(1475-1504) (1507-1516) Fernando V
91%
(1788-1808) Carlos IV
89%
(1833-1868) Isabel II
89%
(1252-1284) Alfonso X
88%
(1312-1350) Alfonso XI
88%
(1746-1759) Fernando VI
88%
(1º Restauración de la Casa de Borbón) (Imperio Español) (1813-1833) Fernando VII
88%
(Dictadura Española) (Estado Español) (1939-1975) Francisco Franco
88%
(2º Restauración de la Casa de Borbón) (Imperio Español) (1874-1885) Alfonso XII
87%
(Casa de Borbón) (Reino de España) (1886-1931) Alfonso XIII
87%
(1037-1065) Fernando I
87%
(1157-1188) Fernando II
87%
(Casa de Borgoña) (Reino de Castilla) (1230-1252) Fernando III
86%
(739-757) Alfonso I
85%
(791-842) Alfonso II
85%
(866-910) Alfonso III
84%
(1295-1312) Fernando IV
84%
(926-931) Alfonso IV
83%
(999-1028) Alfonso V
83%
(1065-1109) Alfonso VI
82%
(Casa de Borgoña) (Reino de León) (1126-1157) Alfonso VII
82%
(Casa de Saboya) (Imperio Español) (1870-1873) Amadeo I
80%
(Casa de Bonaparte) (España Napoleónica, Guerra de Independencia Española) (1808-1813) José I
80%
(Fue reina hasta su muerte pero no ejerció como tal) (1504-1555) Juana I
76%
(1188-1230) Alfonso IX
74%
(15 de enero - 31 de agosto de 1724) Luis I
69%
(Dinastía Astur-Leonesa) (Reino de Asturias) (Dinastía Astur-Leonesa) (718-737) Don Pelayo
62%
(Casa de Trastámara) (Reino de Castilla) (1379-1390) Juan I
61%
(1406-1454) Juan II
59%
(1936-1939) Manuel Azaña
59%
(Segunda República Española) (1931-1936) Niceto Alcalá-Zamora
46%
(956-958) (960-966) Sancho I
42%
(1350-1366) (1367-1369) Pedro I
39%
(1366-1367) (1369-1379) Enrique II
37%
(1454-1474) Enrique IV
37%
(1390-1406) Enrique III
36%
(Sexenio Democrático) (Regencia) (1868-1871) (3 de enero - 30 de diciembre de 1874) Francisco Serrano
31%
(1109-1126) Urraca I
31%
(7 de septiembre - 3 de enero de 1874) Emilio Castelar
28%
(18 de julio - 7 de septiembre de 1873) Nicolás Salmerón
27%
(11 de junio - 18 de julio de 1873) Francisco Pi y Margall
26%
(850-866) Ordoño I
25%
(914-924) Ordoño II
25%
(842-850) Ramiro I
25%
(Primera República Española) (12 de febrero - 11 de junio de 1873) Estanislao Figueras
24%
(737-739) Favila
24%
(951-956) Ordoño III
24%
(931-951) Ramiro II
24%
(1284-1295) Sancho IV
24%
(757-769) Fruela I
23%
(Dinastía Astur-Leonesa) (Reino de León) (Rey de Asturias) (910-914) (Rey de León) (924-925) Fruela II
22%
(910-914) García I
22%
(966-985) Ramiro III
22%
(1885-1902) (Reina Regente) María Cristina de Habsburgo-Lorena
20%
(958-960) Ordoño IV
20%
(789-791) Bermudo I
18%
(985-999) Bermudo II
18%
(1028-1037) Bermudo III
17%
(783-789) Mauregato
17%
(769-774) Aurelio
16%
(774-783) Silo
16%
(925-926) Alfonso Froilaz
11%
No se encontraron pruebas coincidentes
Distribución de puntuación
Porcentaje de gente con cada puntuación
Porcentaje por número respondido
Historial de tus puntuaciones
No has intentado esta prueba.